000 00666nam a2200277Ia 4500
005 20260324151046.0
008 008 260324s9999 xx 000 0 eng d
020 _a9780203845042
037 _aEBOOK
040 _aCRL
040 _beng
040 _cCRL
041 _2eng
041 _aeng
084 _qCRL
100 _aAlexander von Siebold; Charles Lowe
_91228577
245 0 _aJapan's Accession to the Comity of Nations
260 _bTaylor and Francis
260 _c1901
365 _a
365 _b230
856 _uhttp://www.taylorfrancis.com/books/9780203845042
942 _cEBOOK
999 _c1839061
_d1839061